| 000 | 01036nam a2200229 a 4500 | ||
|---|---|---|---|
| 999 |
_c12364 _d12364 |
||
| 001 | 12364 | ||
| 003 | BD-JhCC | ||
| 005 | 20211109095619.0 | ||
| 008 | 210607s2018 bg |||| |||| 000 0 ben d | ||
| 020 | _a978984930465 | ||
| 035 | _a(BD-JhCC)12364 | ||
| 040 |
_aBD-JhCC _dBD-JhCC |
||
| 041 | _aBangla | ||
| 082 |
_a650.1 _bHIL 2018 |
||
| 100 | _aহিল, নেপোলিয়ন | ||
| 245 |
_aলেসন্স ফর লাইফ : _bজীবনের বায়ান্নটি শিক্ষা প্রতি সপ্তাহে জীবন বদলে দেয়া একটি বাণী / _cনেপোলিয়ন হিল এবং জুডিথ উইলিয়ামসন; রূপান্তর শহীদুল ইসলাম নাহিদ |
||
| 260 |
_aঢাকা : _bবই বাজার, _c২০১৮। |
||
| 300 |
_a১৪৪ পৃ. : _c২০ সেমি. |
||
| 650 | _aSuccess | ||
| 700 | _aনাহিদ, শহীদুল ইসলাম | ||
| 942 |
_2ddc _cBK |
||